<?xml version="1.0" encoding="UTF-8"?><marc:collection xmlns:marc="http://www.loc.gov/MARC21/slim">
  <marc:record>
    <marc:leader>00000nam  2200000za 4500</marc:leader>
    <marc:controlfield tag="001">9.846838</marc:controlfield>
    <marc:controlfield tag="003">CaOODSP</marc:controlfield>
    <marc:controlfield tag="005">20221107153311</marc:controlfield>
    <marc:controlfield tag="007">cr |||||||||||</marc:controlfield>
    <marc:controlfield tag="008">171108s1987    onc    |o    f|0| 0 fre d</marc:controlfield>
    <marc:datafield tag="040" ind1=" " ind2=" ">
      <marc:subfield code="a">CaOODSP</marc:subfield>
      <marc:subfield code="b">fre</marc:subfield>
    </marc:datafield>
    <marc:datafield tag="043" ind1=" " ind2=" ">
      <marc:subfield code="a">n-cn---</marc:subfield>
    </marc:datafield>
    <marc:datafield tag="086" ind1="1" ind2=" ">
      <marc:subfield code="a">CS11-0019/13F-PDF</marc:subfield>
    </marc:datafield>
    <marc:datafield tag="100" ind1="1" ind2=" ">
      <marc:subfield code="a">Nagnur, D. N.</marc:subfield>
    </marc:datafield>
    <marc:datafield tag="245" ind1="1" ind2="0">
      <marc:subfield code="a">Tables de mortalité en l'absence d'une cause pour le Canada (1921 à 1981) : </marc:subfield>
      <marc:subfield code="b">une méthode d'analyse de la transition épidémiologique </marc:subfield>
      <marc:subfield code="h">[ressource électronique] / </marc:subfield>
      <marc:subfield code="c">par Dhruva Nagnur et Michael Nagrodski.</marc:subfield>
    </marc:datafield>
    <marc:datafield tag="260" ind1=" " ind2=" ">
      <marc:subfield code="a">[Ottawa] : </marc:subfield>
      <marc:subfield code="b">Statistique Canada, </marc:subfield>
      <marc:subfield code="c">1987.</marc:subfield>
    </marc:datafield>
    <marc:datafield tag="300" ind1=" " ind2=" ">
      <marc:subfield code="a">[59] p.</marc:subfield>
    </marc:datafield>
    <marc:datafield tag="490" ind1="0" ind2=" ">
      <marc:subfield code="a">Documents de recherche ; </marc:subfield>
      <marc:subfield code="v">no. 13</marc:subfield>
    </marc:datafield>
    <marc:datafield tag="500" ind1=" " ind2=" ">
      <marc:subfield code="a">Publ. aussi en anglais sous le titre : Cause-deleted life tables for Canada (1921 to 1981): an approach towards analysing epidemiologic transition.</marc:subfield>
    </marc:datafield>
    <marc:datafield tag="500" ind1=" " ind2=" ">
      <marc:subfield code="a">Édition numérisée de l'imprimé [par Statistique Canada].</marc:subfield>
    </marc:datafield>
    <marc:datafield tag="504" ind1=" " ind2=" ">
      <marc:subfield code="a">Comprend des références bibliographiques.</marc:subfield>
    </marc:datafield>
    <marc:datafield tag="520" ind1=" " ind2=" ">
      <marc:subfield code="a">« Les auteurs construisent une série de tables de mortalité en l'absence d'une cause pour les hommes et les femmes pour chaque décennie entre 1921 et 1981. À l'aide d'indices comme l'entropie et des paramètres des tables de mortalité, ils se livrent à une étude quantitative de l'évolution épidémiologique de la mortalité au cours des soixantes dernières années. Ils présentent aussi une méthode servant à vérifier la cohérence de ces nouvelles tables de mortalité. Enfin, ils soulignent l'importance de ces tables pour l'analyse et la projection de la mortalité et la définition des projets prioritaires en matière de soins de santé. »--Résumé.</marc:subfield>
    </marc:datafield>
    <marc:datafield tag="692" ind1="0" ind2="7">
      <marc:subfield code="2">gccst</marc:subfield>
      <marc:subfield code="a">Taux de mortalité</marc:subfield>
    </marc:datafield>
    <marc:datafield tag="700" ind1="1" ind2=" ">
      <marc:subfield code="a">Nagrodski, Michael.</marc:subfield>
    </marc:datafield>
    <marc:datafield tag="710" ind1="2" ind2=" ">
      <marc:subfield code="a">Statistique Canada. </marc:subfield>
      <marc:subfield code="b">Direction des études analytiques.</marc:subfield>
    </marc:datafield>
    <marc:datafield tag="775" ind1="0" ind2="8">
      <marc:subfield code="t">Cause-deleted life tables for Canada (1921 to 1981) : </marc:subfield>
      <marc:subfield code="w">(CaOODSP)9.846831</marc:subfield>
    </marc:datafield>
    <marc:datafield tag="830" ind1="#" ind2="0">
      <marc:subfield code="a">Documents de recherche (Statistique Canada. Direction des études analytiques)</marc:subfield>
      <marc:subfield code="v">no 13</marc:subfield>
      <marc:subfield code="w">(CaOODSP)9.500842</marc:subfield>
    </marc:datafield>
    <marc:datafield tag="856" ind1="4" ind2="0">
      <marc:subfield code="q">PDF</marc:subfield>
      <marc:subfield code="s">11.34 Mo</marc:subfield>
      <marc:subfield code="u">https://publications.gc.ca/collections/collection_2017/statcan/11f0019m/CS11-0019-13-fra.pdf</marc:subfield>
    </marc:datafield>
  </marc:record>
</marc:collection>
